Parents' guide for Logico Piccolo : discover new fun in learning
| Format: | Book |
|---|---|
| Published: |
Germany :
Grolier ,
©2009
|
| Subjects: |
MARC
| LEADER | 00000cam a2200000 7i4500 | ||
|---|---|---|---|
| 001 | 0000061604 | ||
| 005 | 20160318.0 | ||
| 008 | 160318 | ||
| 090 | 0 | 0 | |a JF |b EDU ENG |
| 245 | 1 | 0 | |a Parents' guide for Logico Piccolo : |b discover new fun in learning |
| 260 | |a Germany : |b Grolier , |c ©2009 | ||
| 300 | |a 91p. : |b col. ill. ; |c 22.5cm. | ||
| 650 | 0 | |a Education, Preschool |x Activity programs | |
| 650 | 0 | |a Education |x English | |
| 999 | |a 0001395899 |b Book |c Children Collection |e Perbadanan Perpustakaan Awam Johor | ||